AJHL Teams - Statistics

General Stats
  • This quiz has been taken 17 times
  • The average score is 11 of 16
Answer Stats
Divison Team Name % Correct
South Brooks Bandits
86%
South Calgary Canucks
86%
South Okotoks Oilers
86%
North Spruce Grove Saints
86%
South Canmore Eagles
71%
North Fort McMurray Oil Barons
71%
North Grande Prairie Storm
71%
North Lloydminster Bobcats
71%
North Sherwood Park Crusaders
71%
South Blackfalds Bulldogs
64%
North Bonnyville Pontiacs
64%
South Camrose Kodiaks
64%
South Drumheller Dragons
64%
North Whitecourt Wolverines
64%
North Drayton Valley Thunder
50%
South Olds Grizzlys
50%
No matching quizzes found
Score Distribution
Percent of People with Each Score
Percentile by Number Answered
Your Score History
You have not taken this quiz